000 00465nam a2200181Ia 4500
005 20250508160806.0
008 008 250505s9999 xx 000 0 hin d
037 _aTextual
040 _aFEDL
_beng
_cFEDL
041 _ahin
_2hin
084 _a915.4, VIR
_qFEDL
100 _aViraj
245 0 _aHimachal Pradesh
260 _aDelhi, India
_bRajpal and Sons
_c1972
300 _a108p.
942 _cTEXL
_h915.4, VIR
999 _c1366661
_d1366661